| 000 | 00635nam a22002057a 4500 | ||
|---|---|---|---|
| 999 |
_c20917 _d20917 |
||
| 003 | AR-CdUCM | ||
| 008 | 190402b ||||| |||| 00| 0 spa d | ||
| 040 |
_aMUNICIPALIDAD PROVINCIAL DEL CUSCO _cBIBLIOTECA MUNICIPAL DEL CUSCO |
||
| 082 |
_aEP / 372.225 / _bL63 |
||
| 245 |
_aLa liebre y la tortuga : _bEl pollito travieso / |
||
| 260 |
_c1974. _aEspaƱa : _bVasco Americana, |
||
| 300 |
_bIlustraciones, _c34 cm. |
||
| 440 |
_aVasco Americana _943648 |
||
| 500 | _aTexto sin numeración | ||
| 505 | _aContenido :Cuentos. | ||
| 650 |
_a Literatura infantil _9588 |
||
| 650 |
_aCuentos. _9217 |
||
| 942 |
_2ddc _cLIBROS |
||
| 945 | _arcc | ||